000 00495nam a22001577a 4500
003 NUST
038 _aNusrat Nadeem
082 _a200
100 _aAhsan, Momina
_9130546
245 _aMultilingual Digital Discourse: Detection and Analysis Using LLMs/
_cMomina Ahsan,
264 _aIslamabad:
_bSEECS NUST.
_c2025
650 _aMS- Data Science
_9123017
700 _aSupervisor: Dr. Wajid Mumtaz
_997230
856 _u http://10.250.8.41:8080/xmlui/handle/123456789/54478
942 _2ddc
_cSC
999 _c614740
_d614740